000 00673nam a2200181Ia 4500
003 GCL
008 140319s9999 xx 000 0 ara d
040 _aGCL /
_cGCL
082 0 4 _a250
_bا ا
100 1 _aالفاسى : جمال الدين ابوعبدالله محمد بن حسن بن محمد بن يوسف
245 1 0 _aالمدخل لابن الحاج /
_cالفاسى : جمال الدين ابوعبدالله محمد بن حسن بن محمد بن يوسف
260 _a[S.N] :
_bمكتبة دار التراث
300 _a236 ص
490 _a
650 0 4 _aالشريعة الاسلامية
650 0 4 _aالفقه الاسلامى
942 _2ddc
_cBK
999 _c53497
_d53497